Diario íntimo (Record no. 78274)

MARC details
000 -LEADER
campo de control de longitud fija 00805nam a2200253 i 4500
001 - NÚMERO DE CONTROL
campo de control 78274
003 - IDENTIFICADOR DE NÚMERO DE CONTROL
campo de control ES-MaACL
005 - FECHA Y HORA DE LA ÚLTIMA TRANSACCIÓN
campo de control 20230906173636.0
007 - CAMPO FIJO DE DESCRIPCIÓN FÍSICA--INFORMACIÓN GENERAL
campo de control de longitud fija t|
008 - DATOS DE LONGITUD FIJA--INFORMACIÓN GENERAL
campo de control de longitud fija 041013s1944 sp |||| | spa d
100 1# - ENTRADA PRINCIPAL--NOMBRE DE PERSONA
Nombre de persona Novalis.
9 (RLIN) 86059
245 10 - MENCIÓN DEL TÍTULO
Título Diario íntimo
Resto del título ; Himnos a la noche ; Canciones espirituales ; Cartas /
Mención de responsabilidad, etc. Novalis (seud) ; [traducción de A. Peris-Villacampa ; ilustraciones de Manuel Benet].
260 ## - PUBLICACIÓN, DISTRIBUCIÓN, ETC.
Lugar de publicación, distribución, etc. Valencia :
Nombre del editor, distribuidor, etc. Horizontes,
Fecha de publicación, distribución, etc. [1944] (
Fabricante Tip. Moderna)
300 ## - DESCRIPCIÓN FÍSICA
Extensión 221 p., 1 lám. ;
Dimensiones 20 cm.
490 1# - MENCIÓN DE SERIE
Mención de serie Boreal
700 1# - ENTRADA AGREGADA--NOMBRE PERSONAL
Nombre de persona Peris-Villacampa, A.
9 (RLIN) 91280
700 1# - ENTRADA AGREGADA--NOMBRE PERSONAL
Nombre de persona Benet, Manuel.
9 (RLIN) 27542
740 02 - ENTRADA AGREGADA--TÍTULO RELACIONADO/ANALÍTICO NO CONTROLADO
Título relacionado o analítico no controlado Himnos a la noche.
740 02 - ENTRADA AGREGADA--TÍTULO RELACIONADO/ANALÍTICO NO CONTROLADO
Título relacionado o analítico no controlado Canciones espirituales.
740 02 - ENTRADA AGREGADA--TÍTULO RELACIONADO/ANALÍTICO NO CONTROLADO
Título relacionado o analítico no controlado Cartas.
830 0# - PUNTO DE ACCESO ADICIONAL DE SERIE-TÍTULO UNIFORME
Título uniforme Boreal
9 (RLIN) 182385
852 ## - LOCALIZACIÓN
Ubicación ES-MaACL
Número de control de estantería B-3302
Holdings
Estatus retirado Estado de pérdida Estado de daño No para préstamo Biblioteca de origen Biblioteca actual Ubicación en estantería Fecha de adquisición Fuente de adquisición Total de préstamos Signatura topográfica completa Código de barras Visto por última vez Precio de reemplazo Tipo de ítem Koha
        Biblioteca del Ateneo de Madrid Biblioteca del Ateneo de Madrid Sala Pardo Bazán 17/01/2008     B-3302 1081879 23/02/2023 23/02/2023 Libro impreso